| 000 | 00668nam a2200265Ia 4500 | ||
|---|---|---|---|
| 001 | 8055 | ||
| 005 | 20240113234048.0 | ||
| 007 | ta | ||
| 008 | 050715s2000 a g b000 u eng u | ||
| 020 | _cPB | ||
| 040 | _aCotton College Assam | ||
| 041 | _aeng | ||
| 082 |
_a581.6 _bFa 26 Ma |
||
| 100 | _aFassett, Norman C. . | ||
| 245 | 0 |
_aA Manual of Aquatic Plants / _cNorman C.Fassett. _hTextual Documents |
|
| 250 | _a1st ed / | ||
| 260 |
_aJodhpur : _bAgrobios , _c2000. |
||
| 300 |
_av,363p. : _bill ; _c22cm. . |
||
| 504 | _aIndex | ||
| 653 | _aBotany | ||
| 653 | _aAquatic Plants | ||
| 942 |
_2ddc _cBK |
||
| 999 |
_c8042 _d8042 |
||